000 00732nam a2200241Ia 4500
003 OSt
005 20220923213837.0
006 a|||||r|||| 00| 0
007 ta
008 220922b |||||||| |||| 00| 0 hin d
024 _a165,104
037 _cTextual
040 _aARTS
_cARTS
_bhin
041 _2hin
_ahin
082 _aO152,1N5:g, L2
100 _aभ्रमर, रवीन्द्र
245 0 _aसमकालीन हिन्दी कविता
246 _aSamakālīn hindī kavitā
260 _c1972
650 _aहिन्दी साहित्य
_9156264
942 _hO152,1N5:g, L2
_cTEXL
_2CC
999 _c319583
_d319583